<?xml version="1.0" encoding="UTF-8"?><record xmlns="http://www.loc.gov/MARC21/slim" xmlns:zs="http://docs.oasis-open.org/ns/search-ws/sruResponse">
  <leader>02243cam a2200517 i 4500</leader>
  <controlfield tag="001">23153210</controlfield>
  <controlfield tag="005">20250607122049.2</controlfield>
  <controlfield tag="006">m     o  d f      </controlfield>
  <controlfield tag="007">cr cn ||||||||</controlfield>
  <controlfield tag="008">070221s1857    dcu     o    f000 0 eng d</controlfield>
  <datafield ind1=" " ind2=" " tag="035">
    <subfield code="a">23153210</subfield>
  </datafield>
  <datafield ind1=" " ind2=" " tag="906">
    <subfield code="a">7</subfield>
    <subfield code="b">cbc</subfield>
    <subfield code="c">copycat</subfield>
    <subfield code="d">u</subfield>
    <subfield code="e">ncip</subfield>
    <subfield code="f">20</subfield>
    <subfield code="g">y-gencatlg</subfield>
  </datafield>
  <datafield ind1=" " ind2=" " tag="955">
    <subfield code="a">LCAP batch update 2025-06-02-04:00: LCAPM-988</subfield>
  </datafield>
  <datafield ind1=" " ind2=" " tag="010">
    <subfield code="a">  2022699205</subfield>
  </datafield>
  <datafield ind1=" " ind2=" " tag="035">
    <subfield code="a">(DGPO)001146338</subfield>
  </datafield>
  <datafield ind1=" " ind2=" " tag="035">
    <subfield code="a">(OCoLC)1065880798</subfield>
  </datafield>
  <datafield ind1=" " ind2=" " tag="040">
    <subfield code="a">WYU</subfield>
    <subfield code="b">eng</subfield>
    <subfield code="c">WYU</subfield>
    <subfield code="d">OCLCO</subfield>
    <subfield code="d">OCLCQ</subfield>
    <subfield code="d">DLC</subfield>
  </datafield>
  <datafield ind1=" " ind2=" " tag="042">
    <subfield code="a">lccopycat</subfield>
  </datafield>
  <datafield ind1="0" ind2="0" tag="050">
    <subfield code="a">KF12</subfield>
  </datafield>
  <datafield ind1="0" ind2=" " tag="086">
    <subfield code="a">34-3:S.RP.345</subfield>
  </datafield>
  <datafield ind1="0" ind2=" " tag="086">
    <subfield code="a">Y 1.1/2:891</subfield>
  </datafield>
  <datafield ind1="1" ind2=" " tag="110">
    <subfield code="a">United States.</subfield>
    <subfield code="b">Congress.</subfield>
    <subfield code="b">Senate.</subfield>
    <subfield code="b">Committee on Public Lands.</subfield>
  </datafield>
  <datafield ind1="1" ind2="0" tag="245">
    <subfield code="a">In the Senate of the United States. February 2, 1857. -- Ordered to be printed. Mr. Stuart made the following report. (To accompany Bill S. 545.) The Committee on Public Lands, to whom was referred the "petition of H.W. Benham, administrator of the estate of the late John McNiel, praying a confirmation of the title of said McNiel to certain lands," report...</subfield>
    <subfield code="h">[electronic resource].</subfield>
  </datafield>
  <datafield ind1=" " ind2=" " tag="260">
    <subfield code="a">Washington, DC,</subfield>
    <subfield code="c">1857.</subfield>
  </datafield>
  <datafield ind1=" " ind2=" " tag="300">
    <subfield code="a">1 online resource (1 p.).</subfield>
  </datafield>
  <datafield ind1=" " ind2=" " tag="336">
    <subfield code="a">text</subfield>
    <subfield code="b">txt</subfield>
    <subfield code="2">rdacontent</subfield>
  </datafield>
  <datafield ind1=" " ind2=" " tag="337">
    <subfield code="a">computer</subfield>
    <subfield code="b">c</subfield>
    <subfield code="2">rdamedia</subfield>
  </datafield>
  <datafield ind1=" " ind2=" " tag="338">
    <subfield code="a">online resource</subfield>
    <subfield code="b">cr</subfield>
    <subfield code="2">rdacarrier</subfield>
  </datafield>
  <datafield ind1="1" ind2=" " tag="490">
    <subfield code="a">Senate report / 34th Congress, 3rd session. Senate ;</subfield>
    <subfield code="v">no. 345</subfield>
  </datafield>
  <datafield ind1="1" ind2=" " tag="490">
    <subfield code="a">[United States congressional serial set];</subfield>
    <subfield code="v">[serial set no. 891]</subfield>
  </datafield>
  <datafield ind1=" " ind2=" " tag="500">
    <subfield code="a">Title taken from opening lines of text.</subfield>
  </datafield>
  <datafield ind1=" " ind2="0" tag="650">
    <subfield code="a">Islands.</subfield>
  </datafield>
  <datafield ind1=" " ind2="0" tag="650">
    <subfield code="a">Land tenure.</subfield>
  </datafield>
  <datafield ind1=" " ind2="0" tag="650">
    <subfield code="a">Land titles.</subfield>
  </datafield>
  <datafield ind1=" " ind2="7" tag="655">
    <subfield code="a">Legislative materials.</subfield>
    <subfield code="2">lcgft</subfield>
  </datafield>
  <datafield ind1="1" ind2=" " tag="700">
    <subfield code="a">Stuart, C. E.</subfield>
    <subfield code="q">(Charles Edward),</subfield>
    <subfield code="d">1810-1887.</subfield>
  </datafield>
  <datafield ind1="1" ind2=" " tag="810">
    <subfield code="a">United States.</subfield>
    <subfield code="b">Congress.</subfield>
    <subfield code="b">Senate.</subfield>
    <subfield code="t">Report ;</subfield>
    <subfield code="v">34th Congress, 3rd session, no. 345.</subfield>
  </datafield>
  <datafield ind1=" " ind2="0" tag="830">
    <subfield code="a">United States congressional serial set ;</subfield>
    <subfield code="v">serial set no. 891.</subfield>
  </datafield>
  <datafield ind1="4" ind2="0" tag="856">
    <subfield code="d">llserialsetce</subfield>
    <subfield code="f">00891_00_00-057-0345-0000</subfield>
    <subfield code="u">https://hdl.loc.gov/loc.law/llserialsetce.00891_00_00-057-0345-0000</subfield>
  </datafield>
  <datafield ind1="4" ind2="0" tag="856">
    <subfield code="u">https://purl.fdlp.gov/GPO/gpo180883</subfield>
    <subfield code="7">0</subfield>
  </datafield>
  <datafield ind1=" " ind2=" " tag="952">
    <subfield code="a">SERIALSETDELIVERY1</subfield>
  </datafield>
  <datafield ind1=" " ind2=" " tag="985">
    <subfield code="a">ll/llserialset/mono</subfield>
  </datafield>
  <datafield ind1=" " ind2=" " tag="985">
    <subfield code="a">ll/llserialset/34-3</subfield>
  </datafield>
  <datafield ind1=" " ind2=" " tag="985">
    <subfield code="a">ll/llserialset/S.RP.</subfield>
  </datafield>
  <datafield ind1=" " ind2=" " tag="985">
    <subfield code="a">ll/llserialset/v891</subfield>
  </datafield>
  <datafield ind1=" " ind2=" " tag="991">
    <subfield code="a">Electronic Resource</subfield>
  </datafield>
</record>
